Southville International School and Colleges
Your cart is empty.
  • Cart
  • Lists
    Public lists Eva Luna New books Lux_list list_1
    Your lists Log in to create your own lists
  • Log in to your account
  • Your cookies
  • Search history
Southville International School and Colleges
  • Advanced search
  • Recent comments
  • Most popular
  • Libraries

Log in to your account

Log in with GOOGLE


If you do not have an external account, but do have a local account, you can still log in:

  1. Home
  2. MARC view: Under the serpent sea /
Normal view MARC view ISBD view

Under the serpent sea / (Record no. 34472)

[ view plain ]
MARC details
000 -LEADER
fixed length control field 01604cam a22004093a 4500
001 - CONTROL NUMBER
control field 12694699
003 - CONTROL NUMBER IDENTIFIER
control field OSt
005 - DATE AND TIME OF LATEST TRANSACTION
control field 20140310184442.0
008 - FIXED-LENGTH DATA ELEMENTS--GENERAL INFORMATION
fixed length control field 010501s2001 nyua j 000 f eng d
010 ## - LIBRARY OF CONGRESS CONTROL NUMBER
LC control number 2002563391
020 ## - INTERNATIONAL STANDARD BOOK NUMBER
International Standard Book Number 043920786X
035 ## - SYSTEM CONTROL NUMBER
System control number (OCoLC)ocm46849788
040 ## - CATALOGING SOURCE
Original cataloging agency BIB
Transcribing agency BIB
Modifying agency DLC
042 ## - AUTHENTICATION CODE
Authentication code lccopycat
050 00 - LIBRARY OF CONGRESS CALL NUMBER
Classification number PZ 7
Item number .Ab131Un 2001
100 1# - MAIN ENTRY--PERSONAL NAME
Personal name Abbott, Tony,
Dates associated with a name 1952-
9 (RLIN) 27507
245 10 - TITLE STATEMENT
Title Under the serpent sea /
Statement of responsibility, etc by Tony Abbott ; illustrated by Tim Jessell.
260 ## - PUBLICATION, DISTRIBUTION, ETC. (IMPRINT)
Place of publication, distribution, etc New York :
Name of publisher, distributor, etc Scholastic,
Date of publication, distribution, etc 2001.
300 ## - PHYSICAL DESCRIPTION
Extent 113 p. :
Other physical details ill. ;
Dimensions 20 cm.
490 1# - SERIES STATEMENT
Series statement The secrets of Droon ;
Volume number/sequential designation #12
500 ## - GENERAL NOTE
General note "A Little Apple paperback."
520 ## - SUMMARY, ETC.
Summary, etc The sea witch Demither is stirring up a storm in Droon. Keeah has to stop her! This mission could make or break Keeah's wizard training. And Eric, Neal, and Julie think they can help their friend, but many surprises await them in Demither's underwater world-- and many secrets will be revealed.
521 1# - TARGET AUDIENCE NOTE
Target audience note
526 ## - STUDY PROGRAM INFORMATION NOTE
Reading level 220
562 ## - COPY AND VERSION IDENTIFICATION NOTE
Number of copies For Circulation. 2 copy available in the collection
650 #1 - SUBJECT ADDED ENTRY--TOPICAL TERM
Topical term or geographic name as entry element Droon (Imaginary place)
Form subdivision Fiction.
9 (RLIN) 27508
655 #7 - INDEX TERM--GENRE/FORM
Genre/form data or focus term Children's stories.
Source of term lcsh
9 (RLIN) 3012
655 #7 - INDEX TERM--GENRE/FORM
Genre/form data or focus term Fantasy fiction.
Source of term gsafd
9 (RLIN) 3053
700 1# - ADDED ENTRY--PERSONAL NAME
Personal name Jessell, Tim.
9 (RLIN) 23337
710 2# - ADDED ENTRY--CORPORATE NAME
Corporate name or jurisdiction name as entry element Copyright Paperback Collection (Library of Congress)
Institution to which field applies DLC
9 (RLIN) 705
800 1# - SERIES ADDED ENTRY--PERSONAL NAME
Personal name Abbott, Tony,
Dates associated with a name 1952-
Title of a work Secrets of Droon ;
Volume/sequential designation #12.
9 (RLIN) 27509
906 ## - LOCAL DATA ELEMENT F, LDF (RLIN)
a 7
b cbc
c copycat
d 2
e ncip
f 20
g y-genrareb
942 ## - ADDED ENTRY ELEMENTS (KOHA)
Source of classification or shelving scheme Library of Congress Classification
Koha item type
Holdings
Withdrawn status Lost status Source of classification or shelving scheme Damaged status Home library Current library Shelving location Date acquired Total Checkouts Full call number Barcode Date last seen Copy number Price effective from Koha item type
    Library of Congress Classification   Luxembourg Library Luxembourg Library Scholastic Reading Center Section 10/10/2013   PZ 7 .Ab126Un 2001 LEX1826 04/18/2017 1 10/10/2013 Books
    Library of Congress Classification   Luxembourg Library Luxembourg Library Scholastic Reading Center Section 10/10/2013   PZ 7 .Ab131Un 2001 LEX1825 04/18/2017 2 10/10/2013 Books

Under the serpent sea /

APA

Abbott T., Jessell T. & Copyright Paperback Collection (Library of Congress). (2001). Under the serpent sea. New York: Scholastic.

Chicago

Abbott Tony, Jessell Tim and Copyright Paperback Collection (Library of Congress). 2001. Under the serpent sea. New York: Scholastic.

Harvard

Abbott T., Jessell T. and Copyright Paperback Collection (Library of Congress). (2001). Under the serpent sea. New York: Scholastic.

MLA

Abbott Tony, Jessell Tim and Copyright Paperback Collection (Library of Congress). Under the serpent sea. New York: Scholastic. 2001.

  • Place hold
  • Print
  • Cite
  • Add to your cart (remove)
  • Save record
    BIBTEX Dublin Core MARCXML MARC (non-Unicode/MARC-8) MARC (Unicode/UTF-8) MARC (Unicode/UTF-8, Standard) MODS (XML) RIS
  • More searches
    Search for this title in:
    Other Libraries (WorldCat) Other Databases (Google Scholar) Online Stores (Bookfinder.com) Open Library (openlibrary.org)

Exporting to Dublin Core...

SOUTHVILLE LIBRARY

Southville International School and Colleges Library

1281 Tropical Ave. Cor. Luxembourg St., BF Homes International, Las Pinas City

Tel. No. 8256374 / 252358 Loc. 117/146

Powered by Koha